The galactic center (Record no. 9450)

MARC details
000 -LEADER
fixed length control field 00852nam a2200217Ia 4500
003 - CONTROL NUMBER IDENTIFIER
control field IN-BaIIA
008 - FIXED-LENGTH DATA ELEMENTS--GENERAL INFORMATION
fixed length control field 211028s9999 xx 000 0 eng d
020 ## - INTERNATIONAL STANDARD BOOK NUMBER
International Standard Book Number 0-88318-355-2
040 ## - CATALOGING SOURCE
Transcribing agency IIA Library
080 ## - UNIVERSAL DECIMAL CLASSIFICATION NUMBER
Universal Decimal Classification number 524.64(082.2)
Item number THE
111 ## - MAIN ENTRY--MEETING NAME
Meeting name or jurisdiction name as entry element Symposium on the Galactic Center Honoring C. H. Townes
Location of meeting Berkeley, California, US
Date of meeting or treaty signing 1986 Oct. 25
9 (RLIN) 15896
245 #4 - TITLE STATEMENT
Title The galactic center
Remainder of title proceedings of the symposium on the galactic center honoring C. H. Townes, held in Berkeley, California, US, 25 Oct 1986
Statement of responsibility, etc. edited by D. C. Backer
260 ## - PUBLICATION, DISTRIBUTION, ETC.
Place of publication, distribution, etc. New York
Name of publisher, distributor, etc. American Institute of Physics
Date of publication, distribution, etc. 1987
300 ## - PHYSICAL DESCRIPTION
Extent ix, 201p.
490 ## - SERIES STATEMENT
Series statement AIP conference proceedings; v. 155
650 ## - SUBJECT ADDED ENTRY--TOPICAL TERM
Topical term or geographic name entry element Astronomy and astrophysics thesaurus
650 ## - SUBJECT ADDED ENTRY--TOPICAL TERM
Topical term or geographic name entry element Galactic center
9 (RLIN) 2909
650 ## - SUBJECT ADDED ENTRY--TOPICAL TERM
Topical term or geographic name entry element Milky way galaxy
9 (RLIN) 1167
700 ## - ADDED ENTRY--PERSONAL NAME
Personal name Backer, D. C .,ed.
9 (RLIN) 15897
942 ## - ADDED ENTRY ELEMENTS (KOHA)
Koha item type Books
Holdings
Withdrawn status Lost status Damaged status Not for loan Home library Current library Shelving location Date acquired Total Checkouts Full call number Barcode Date last seen Price effective from Koha item type
        IIA Library-Bangalore IIA Library-Bangalore General Stacks     524.64(082.2)/ THE 10360 05/11/2021   Books

Powered by Koha